| 000 | 00497nam a22001937a 4500 | ||
|---|---|---|---|
| 003 | LK-CoDNM | ||
| 005 | 20250228140615.0 | ||
| 008 | 250225b |||||||| |||| 00| 0 eng d | ||
| 040 |
_aLK-CoDNM _dLK-CoDNM _eLK-CoDNM |
||
| 041 |
_aeng _asin _asin |
||
| 080 |
_aRC _b576 |
||
| 100 | _awijesekera,nanadeva | ||
| 245 | _aEarly Sinhalese Sculpturse | ||
| 260 |
_aColombo _bM.d.gunasena _c1962 |
||
| 300 | _axxi, 255p. : 81ill ; 25 cm | ||
| 650 | _aSrilanka | ||
| 650 | _a Sculpturse | ||
| 942 | _cBK | ||
| 999 |
_c238569 _d238569 |
||